Arts Based Approaches to Business Education (Record no. 43393)

MARC details
000 -LEADER
fixed length control field 00466nam a22001697a 4500
005 - DATE AND TIME OF LATEST TRANSACTION
control field 20250325145758.0
008 - FIXED-LENGTH DATA ELEMENTS--GENERAL INFORMATION
fixed length control field 250325b |||||||| |||| 00| 0 eng d
020 ## - INTERNATIONAL STANDARD BOOK NUMBER
International Standard Book Number 9781802209068
041 ## - LANGUAGE CODE
Language code of text/sound track or separate title Eng.
082 ## - DEWEY DECIMAL CLASSIFICATION NUMBER
Classification number 650.071 HOO
100 ## - MAIN ENTRY--PERSONAL NAME
Author Hoorn, Bronte van der
245 ## - TITLE STATEMENT
Title Arts Based Approaches to Business Education
260 ## - PUBLICATION, DISTRIBUTION, ETC.
Place UK
Publisher Edward Elgar Publishing
Publication Year 2023
300 ## - PHYSICAL DESCRIPTION
Extent 168;. 23 cm
650 ## - SUBJECT ADDED ENTRY--TOPICAL TERM
Subject Business Education; Arts in Education
942 ## - ADDED ENTRY ELEMENTS (KOHA)
Koha item type Books
Holdings
Withdrawn status Lost status Source of classification or shelving scheme Damaged status Not for loan Home library Current library Shelving location Accession Date Vendor Price Bill number Full call number Barcode No Date last seen Discount Bill Date Koha item type Suggested By
    Dewey Decimal Classification     IMTN IMTN Rack 18-B 03/18/2025 Raghav Books Private Limited 2665.64 2374 650.071 HOO 33684 03/25/2025 33 02/14/2025 Books Dr. Senthil Kumar
Designed & Maintained by: LRC IMT Nagpur Contact: lrc@imtnag.ac.in© 2024. All Rights Reserved.